Napriek pasívnej obchodnej bilancii devízové rezervy NBS vzrástli Príloha Hospodárskych novín

Ukazovatele charakteristické pre vývoj hospodárstva SR v auguste 1996. Vývoj vybratých makroekonomických ukazovateľov SR. Prehľad vývoja vybratých akciových indexov. Prehľad vybratých najobchodovanejších akcií v septembri 1996.

Saved in:
Bibliographic Details
Format: Book Chapter
Language:Slovak
Subjects:
Tags: Add Tag
No Tags, Be the first to tag this record!

MARC

LEADER 00000naa a2200000 4500
001 r022150
005 20230801110127.7
041 0 |a slo 
044 |a SK 
245 1 0 |a Napriek pasívnej obchodnej bilancii devízové rezervy NBS vzrástli  |b Príloha Hospodárskych novín 
520 |a Ukazovatele charakteristické pre vývoj hospodárstva SR v auguste 1996. Vývoj vybratých makroekonomických ukazovateľov SR. Prehľad vývoja vybratých akciových indexov. Prehľad vybratých najobchodovanejších akcií v septembri 1996. 
610 2 0 |a Slovensko 
610 2 0 |a 1995 
610 2 0 |a 1996 
610 2 0 |a makroekonomika 
610 2 0 |a ukazovatele ekonomické 
610 2 0 |a trh kapitálový 
610 2 0 |a indexy burzové 
610 2 0 |a obchody burzové 
610 2 0 |a akcie